000 00394nam a2200145 i 4500
001 71140
003 ES-MaACL
005 20230906171032.0
007 t|
008 040805s1916 fr ||||1| fre d
100 1 _aGaultier, Paul.
_956011
245 1 3 _aLa mentalité allemande et la guerre /
_cPaul Gaultier.
260 _aParis :
_bLibrairie Felix Alcan,
_c1916.
852 _aES-MaACL
_j1534-F-4
999 _c71140
_d71140